| 000 | 01029nam a2200253Ia 4500 | ||
|---|---|---|---|
| 003 | OSt | ||
| 005 | 20220930095127.0 | ||
| 006 | a|||||r|||| 00| 0 | ||
| 007 | ta | ||
| 008 | 220926b |||||||| |||| 00| 0 pan d | ||
| 024 | _a68816 | ||
| 037 | _cTheses | ||
| 040 |
_aCRL _cCRL _bpan |
||
| 041 |
_2pan _apan |
||
| 100 | _aਕੈਰ, ਰਜਿੰਦਰ, ਂਚ. | ||
| 110 |
_aਦਿੱਲੀ ਯੂਨੀਵਰਸਿਟੀ. ਆਰਟਸ ਫਕੈਲਟੀ. ਪੰਜਾਬੀ ਵਿਭਾਗ _9556953 |
||
| 245 | 0 |
_aਪਰਵਾਸ ਨਾਲ ਸੰਬੰਧਿਤ ਪੰਜਾਬੀ ਸਿਨੇਮਾ _b ਪਰਵਾਸ ਨਾਲ ਸੰਬੰਧਿਤ ਪੰਜਾਬੀ ਸਿਨੇਮਾ |
|
| 260 | _c2018 | ||
| 300 |
_a248ਪ੍ਰ0 _ap. _ccm. |
||
| 650 | _aਪੰਜਾਬੀ ਭਾFਾ | ||
| 700 |
_aਦਿੱਲੀ ਯੂਨੀਵਰਸਿਟੀ. ਆਰਟਸ ਫਕੈਲਟੀ. ਪੰਜਾਬੀ ਵਿਭਾਗ _9556954 |
||
| 942 |
_cDIS _2CC |
||
| 999 |
_c888369 _d888369 |
||